| 000 | 00500nam a2200145 4500 | ||
|---|---|---|---|
| 999 |
_c10778 _d10778 |
||
| 008 | 180919b ||||| |||| 00| 0 eng d | ||
| 022 | _a2094-8042 | ||
| 082 | _aDPer 370.105 M72 Jan-Dec 2011 v59-60 | ||
| 100 |
_931476 _aOliva, Cristina G. |
||
| 245 |
_aBanghay-aralin sa E.P.P/ _cCristina G. Oliva. |
||
| 260 |
_aPhilippines: _bIn the Grade School, Inc., _cc2011. |
||
| 300 |
_av60 n4, pages 174-175: _billustrations; _c27cm. |
||
| 650 | 0 |
_931395 _aProgrammed instruction _xE.P.P |
|
| 942 |
_2ddc _cPER |
||